A-Z illustrated encyclopaedia of earth science / (Record no. 134133)

MARC details
000 -LEADER
fixed length control field 00752nam a22002417a 4500
003 - CONTROL NUMBER IDENTIFIER
control field 00
005 - DATE AND TIME OF LATEST TRANSACTION
control field 20180716110431.0
008 - FIXED-LENGTH DATA ELEMENTS--GENERAL INFORMATION
fixed length control field 0
010 ## - LIBRARY OF CONGRESS CONTROL NUMBER
LC control number B-094493
020 ## - INTERNATIONAL STANDARD BOOK NUMBER
Terms of availability 900.00
International Standard Book Number 8175241446
035 ## - SYSTEM CONTROL NUMBER
System control number B-094493, B-094494
037 ## - SOURCE OF ACQUISITION
Source of stock number/acquisition Cen Lib/Ret
040 ## - CATALOGING SOURCE
Original cataloging agency DPL
Language of cataloging EN
Transcribing agency 0
082 ## - DEWEY DECIMAL CLASSIFICATION NUMBER
Classification number 550.3
Item number AZI
245 ## - TITLE STATEMENT
Title A-Z illustrated encyclopaedia of earth science /
Statement of responsibility, etc edited and compiled by Priyanka Narang
260 ## - PUBLICATION, DISTRIBUTION, ETC. (IMPRINT)
Place of publication, distribution, etc New Delhi
Name of publisher, distributor, etc KSK Publishers & Distributors
Date of publication, distribution, etc 2003
270 ## - ADDRESS
City New Delhi
Address 4264/3, Ansari Road, Darya Ganj
Postal code 110002
300 ## - PHYSICAL DESCRIPTION
Extent 472p.
Dimensions 22cm(Hb)
650 ## - SUBJECT ADDED ENTRY--TOPICAL TERM
Topical term or geographic name as entry element Earth sciences -- Encyclopedias
9 (RLIN) 39887
650 ## - SUBJECT ADDED ENTRY--TOPICAL TERM
Topical term or geographic name as entry element Earth sciences
9 (RLIN) 116439
700 ## - ADDED ENTRY--PERSONAL NAME
Personal name Narang, Priyanka
9 (RLIN) 39889
942 ## - ADDED ENTRY ELEMENTS (KOHA)
Source of classification or shelving scheme Dewey Decimal Classification
Koha item type English Books
Classification part 550.3
Call number suffix AZI
Holdings
Withdrawn status Lost status Damaged status Not for loan Collection code Home library Current library Date acquired Source of acquisition Cost, normal purchase price Total Checkouts Full call number Barcode Date last seen Copy number Cost, replacement price Price effective from Koha item type Source of classification or shelving scheme
      Not For Loan Reference Central Library Central Library 29/07/2015 Cen Lib/Ret 900.00   550.3 AZI B-094493 29/07/2015 1 900.00 29/07/2015 English Books  
        Non-fiction Patel Nagar Patel Nagar 16/07/2018 BPPD/Pub 900.00   550.3 AZI B-094494 16/07/2018   900.00 16/07/2018 English Books Dewey Decimal Classification
        Non-fiction Sarojini Nagar Sarojini Nagar 08/05/2019       550.3 AZI 094495 08/05/2019     08/05/2019 English Books Dewey Decimal Classification
        Non-fiction Sarojini Nagar Sarojini Nagar 15/05/2019       550.3 AZI B-094495 15/05/2019     15/05/2019 English Books Dewey Decimal Classification

© Delhi Public Library
Hit Counter
free hit counter